Eastern Utah Libraries Catalog: Duchesne, Heber, Roosevelt, & Vernal

My mom's new boyfriend (Record no. 54333)

MARC details
000 -LEADER
fixed length control field 04267cgm a2200829Ka 4500
003 - CONTROL NUMBER IDENTIFIER
control field OCoLC
005 - DATE AND TIME OF LATEST TRANSACTION
control field 20241220122057.0
007 - PHYSICAL DESCRIPTION FIXED FIELD--GENERAL INFORMATION
fixed length control field vd cvaizq
008 - FIXED-LENGTH DATA ELEMENTS--GENERAL INFORMATION
fixed length control field 080508s2008 cau097 g vleng d
001 - CONTROL NUMBER
control field ocn227211778
035 ## - SYSTEM CONTROL NUMBER
System control number (Sirsi) i9781424886647
040 ## - CATALOGING SOURCE
Original cataloging agency TEFMT
Transcribing agency TEFMT
Modifying agency TEF
-- GK5
-- UINTA
020 ## - INTERNATIONAL STANDARD BOOK NUMBER
International Standard Book Number 1424886643
020 ## - INTERNATIONAL STANDARD BOOK NUMBER
International Standard Book Number 9781424886647
024 1# - OTHER STANDARD IDENTIFIER
Standard number or code 043396228207
028 42 - PUBLISHER NUMBER
Publisher number 22820
Source Sony Pictures Home Entertainment
035 ## - SYSTEM CONTROL NUMBER
System control number (OCoLC)227211778
037 ## - SOURCE OF ACQUISITION
Source of stock number/acquisition Midwest Tape
Note http://www.midwesttapes.com
041 1# - LANGUAGE CODE
Language code of text/sound track or separate title eng
-- fre
Language code of summary or abstract/overprinted title or subtitle eng
-- chi
-- fre
-- spa
Language code of original and/or intermediate translations of text eng
043 ## - GEOGRAPHIC AREA CODE
Geographic area code n-us---
050 14 - LIBRARY OF CONGRESS CALL NUMBER
Classification number PN1995.9.C55
Item number M9 2008
082 04 - DEWEY DECIMAL CLASSIFICATION NUMBER
Classification number 791.43/72
Edition number 22
049 ## - LOCAL HOLDINGS (OCLC)
Holding library UCLB
092 ## - LOCALLY ASSIGNED DEWEY CALL NUMBER (OCLC)
Classification number 791.437
245 00 - TITLE STATEMENT
Title My mom's new boyfriend
Medium [videorecording] /
Statement of responsibility, etc Millennium Films presents in association with Robert Hariri, a Two Sticks production, an Eclectic Pictures production for Equity Pictures Medienfonds GmbH & Co. KG, a film by George Gallo ; produced by Avi Lerner, Richard Salvatore, Heiki Jo Markel, Julie Lott Gallo ; written and directed by George Gallo.
260 ## - PUBLICATION, DISTRIBUTION, ETC. (IMPRINT)
Place of publication, distribution, etc Culver City, Calif. :
Name of publisher, distributor, etc Sony Pictures Home Entertainment,
Date of publication, distribution, etc c2008.
300 ## - PHYSICAL DESCRIPTION
Extent 1 videodisc (ca. 97 min.) :
Other physical details sd., col. ;
Dimensions 4 3/4 in.
538 ## - SYSTEM DETAILS NOTE
System details note DVD, region 1, full and widescreen presentations; Dolby Digital 5.1 surround.
546 ## - LANGUAGE NOTE
Language note English or dubbed French dialogue with English, Chinese, French and Spanish subtitles; closed-captioned.
500 ## - GENERAL NOTE
General note Title from container.
511 1# - PARTICIPANT OR PERFORMER NOTE
Participant or performer note Antonio Banderas, Meg Ryan, Colin Hanks, Selma Blair.
508 ## - CREATION/PRODUCTION CREDITS NOTE
Creation/production credits note Director of photography, Michael Negrin ; editor, Augie Hess ; music, Chris Boardman ; production designer, Bob Ziembicki.
540 ## - TERMS GOVERNING USE AND REPRODUCTION NOTE
Terms governing use and reproduction This disc is copy protected.
521 8# - TARGET AUDIENCE NOTE
Target audience note MPAA rating: PG-13; for sexual content, language, some violence and drug material.
520 ## - SUMMARY, ETC.
Summary, etc Marty is a devoted mom, who last saw her son, Henry, three years ago when she was unhealthy, coarse, and overweight. When Henry returns home from his latest secret operation, he brings his fiancée to meet his mom. Marty's still coarse, but has become a babe with a healthy libido. Henry is horrified, but his girlfriend, Emily, is entranced. When Marty begins dating the sultry Tommy, Henry gets the ultimate assignment: spying on his mom and her boyfriend, who is a suspected international art thief.
500 ## - GENERAL NOTE
General note Special features: Deleted scenes; behind-the-scenes featurette.
650 #0 - SUBJECT ADDED ENTRY--TOPICAL TERM
Topical term or geographic name as entry element Mothers and sons
Geographic subdivision United States
Form subdivision Drama.
9 (RLIN) 5692852
650 #0 - SUBJECT ADDED ENTRY--TOPICAL TERM
Topical term or geographic name as entry element Man-woman relationships
Geographic subdivision United States
Form subdivision Drama.
9 (RLIN) 5695933
650 #0 - SUBJECT ADDED ENTRY--TOPICAL TERM
Topical term or geographic name as entry element Art thefts
General subdivision Investigation
Geographic subdivision United States
Form subdivision Drama.
9 (RLIN) 6508918
650 #0 - SUBJECT ADDED ENTRY--TOPICAL TERM
Topical term or geographic name as entry element Suspicion
Geographic subdivision United States
Form subdivision Drama.
9 (RLIN) 6508919
610 10 - SUBJECT ADDED ENTRY--CORPORATE NAME
Corporate name or jurisdiction name as entry element United States.
Subordinate unit Federal Bureau of Investigation
Form subdivision Drama.
9 (RLIN) 5725950
650 #7 - SUBJECT ADDED ENTRY--TOPICAL TERM
Topical term or geographic name as entry element Mother-son relationship
Geographic subdivision United States
Form subdivision Drama.
Source of heading or term sears
9 (RLIN) 6506770
650 #7 - SUBJECT ADDED ENTRY--TOPICAL TERM
Topical term or geographic name as entry element Man-woman relationship
Geographic subdivision United States
Form subdivision Drama.
Source of heading or term sears
9 (RLIN) 5773211
650 #7 - SUBJECT ADDED ENTRY--TOPICAL TERM
Topical term or geographic name as entry element Art thefts
General subdivision Investigation
Geographic subdivision United States
Form subdivision Drama.
Source of heading or term sears
9 (RLIN) 6508918
650 #7 - SUBJECT ADDED ENTRY--TOPICAL TERM
Topical term or geographic name as entry element Suspicion
Geographic subdivision United States
Form subdivision Drama.
Source of heading or term sears
9 (RLIN) 6508919
610 17 - SUBJECT ADDED ENTRY--CORPORATE NAME
Corporate name or jurisdiction name as entry element United States.
Subordinate unit Federal Bureau of Investigation
Form subdivision Drama.
Source of heading or term sears
9 (RLIN) 5725950
655 #0 - INDEX TERM--GENRE/FORM
Genre/form data or focus term Feature films.
9 (RLIN) 6183798
655 #0 - INDEX TERM--GENRE/FORM
Genre/form data or focus term Romantic comedy films.
9 (RLIN) 5696851
655 #0 - INDEX TERM--GENRE/FORM
Genre/form data or focus term Video recordings for the hearing impaired.
9 (RLIN) 6183799
655 #7 - INDEX TERM--GENRE/FORM
Genre/form data or focus term Romance
Form subdivision Feature.
Source of term local
9 (RLIN) 5714821
655 #7 - INDEX TERM--GENRE/FORM
Genre/form data or focus term Comedy
Form subdivision Feature.
Source of term local
9 (RLIN) 5696136
655 #7 - INDEX TERM--GENRE/FORM
Genre/form data or focus term Family
Form subdivision Feature.
Source of term local
9 (RLIN) 5706541
655 #0 - INDEX TERM--GENRE/FORM
Genre/form data or focus term Comedy films.
9 (RLIN) 6183800
700 1# - ADDED ENTRY--PERSONAL NAME
Personal name Hariri, Robert.
9 (RLIN) 6183801
700 1# - ADDED ENTRY--PERSONAL NAME
Personal name Lerner, Avi.
9 (RLIN) 56381
700 1# - ADDED ENTRY--PERSONAL NAME
Personal name Salvatore, Richard.
9 (RLIN) 72943
700 1# - ADDED ENTRY--PERSONAL NAME
Personal name Markel, Heidi Jo.
9 (RLIN) 6183802
700 1# - ADDED ENTRY--PERSONAL NAME
Personal name Gallo, Julie Lott.
9 (RLIN) 5778632
700 1# - ADDED ENTRY--PERSONAL NAME
Personal name Gallo, George,
Dates associated with a name 1956-
9 (RLIN) 66579
700 1# - ADDED ENTRY--PERSONAL NAME
Personal name Banderas, Antonio.
9 (RLIN) 38020
700 1# - ADDED ENTRY--PERSONAL NAME
Personal name Ryan, Meg.
9 (RLIN) 35830
700 1# - ADDED ENTRY--PERSONAL NAME
Personal name Hanks, Colin,
Dates associated with a name 1977-
9 (RLIN) 67994
700 1# - ADDED ENTRY--PERSONAL NAME
Personal name Blair, Selma,
Dates associated with a name 1972-
9 (RLIN) 69143
710 2# - ADDED ENTRY--CORPORATE NAME
Corporate name or jurisdiction name as entry element Millennium Films.
9 (RLIN) 67490
710 2# - ADDED ENTRY--CORPORATE NAME
Corporate name or jurisdiction name as entry element Two Sticks (Firm)
9 (RLIN) 6179978
710 2# - ADDED ENTRY--CORPORATE NAME
Corporate name or jurisdiction name as entry element Eclectic Pictures (Firm)
9 (RLIN) 6183803
710 2# - ADDED ENTRY--CORPORATE NAME
Corporate name or jurisdiction name as entry element Equity Pictures Medienfonds GmbH & Co. KG.
9 (RLIN) 6183804
710 2# - ADDED ENTRY--CORPORATE NAME
Corporate name or jurisdiction name as entry element Sony Pictures Home Entertainment (Firm)
9 (RLIN) 71947
942 ## - ADDED ENTRY ELEMENTS (KOHA)
Koha item type DVD
994 ## -
-- C0
-- UINTA
998 ## - LOCAL CONTROL INFORMATION (RLIN)
-- a115573
Holdings
Withdrawn status Lost status Source of classification or shelving scheme Damaged status Not for loan Collection code Home library Current library Shelving location Date acquired Source of acquisition Total Checkouts Full call number Barcode Date last seen Date checked out Cost, replacement price Price effective from Koha item type
    Dewey Decimal Classification     Movies Wasatch County Library Wasatch County Library Audio Visual Area 08/30/2023 Donation 1 DVD My M 34301002047332 06/28/2024 06/24/2024 9.00 08/30/2023 DVD
This project was made possible through a grant from the Institute of Museum and Library Service administered by the Utah State Library Division.

Wasatch County Library

  • 465 East 1200 South, Heber City, Utah 84032
  • Phone 435-654-1511 | Fax 435-654-6456

Hours

  • Monday - Friday 9:30 AM - 8:00 PM
  • Saturday 9:30 AM - 1:30 PM
  • Closed Sundays and Holidays